Evocación de Píndaro

Guardado en:
Bibliografiske detaljer
Hovedforfatter: Selva, Salomón de la
Format: Bog
Sprog:Undetermined
Udgivet: San Salvador, El Salvador Ministerio de Cultura 1957
Fag:
Tags: Tilføj Tag
Ingen Tags, Vær først til at tagge denne postø!

MARC

LEADER 00000nam a2200000Ia 4500
008 170316s9999 xx 000 0 und d
040 |a cru BVZT 
090 |a 860 S-21e 
100 |a Selva, Salomón de la 
245 |a Evocación de Píndaro 
260 |a San Salvador, El Salvador 
260 |b Ministerio de Cultura 
260 |c 1957 
300 |a 176 páginas 
650 |a LITERATURA LATINOAMERICANA 
999 |c 9218  |d 9218 
942 |c 15 D  |h 860 S-21e  |2 z